Responses for Show #4672 - Tuesday, December 21, 2004

Contestants

[<< previous game]

Emily Lawrence, an attorney from Philadelphia, Pennsylvania

Dale Masel, a professor from Lancaster, Ohio

Lyle Brenner, a college professor from Gainesville, Florida (whose 1-day cash winnings total $8,800)

[next game >>]

Jeopardy! Round responses

U.S. CITIES
TV SERIES FINALES
TRAVEL FUN
MUG SHOTS
THE LIQUOR CABINET
"G" FORCE
    $200 1
San Diego

Lyle
    $200 6
Ross & Rachel

Dale
    $200 26
roller coaster

Lyle
    $200 13
Manuel Noriega

Emily
    $200 14
bourbon

Lyle
    $200 9
Geneva

Emily
    $400 2
Memphis

Dale
    $400 7
Sex and the City

Dale
    $400 27
(Dale: What is by submarine?)

by scuba diving to it

Dale
Triple Stumper
    $400 15
(John) Dillinger

Emily
    $400 22
a pink lady

Emily
    $400 10
the galley

Lyle
    $1,000 3
(Alex: Easy to catch someone on that one.)

Honolulu

Dale
    $600 8
The Fugitive

Emily
    $600 28
Iowa

Emily
    $600 16
Tokyo Rose

Lyle
    $600 23
tonic

Lyle
    $600 19
a geisha

Dale
    $800 4
Charleston

Lyle
    $800 11
Suzanne Pleshette

Dale
    $800 29
jalapenos

Lyle
    $800 17
(Bugsy) Siegel

Lyle
    $800 24
cognac

Lyle
    $800 20
Greenland

Lyle
    $1000 5
(Emily: What is Philadelphia?)
...
(Alex: When you talk about the Adams, you're talking about Massachusetts, and in this case, [*] is the city.)

Boston

Emily
Triple Stumper
    $1000 12
M*A*S*H

Lyle
    $1000 30
Williamsburg

Emily
    $1000 18
"Lucky" Luciano

Dale
    $1000 25
(Lyle: Uh, what is [*]?)
(Alex: [*]? Well, we'll accept that. It's a dessert wine, so it comes [*].)

digestif (after-dinner accepted)

Lyle
    $1000 21
Guernica

Lyle

Scores at the first commercial break (after clue 15):

Lyle Dale Emily
$2,600 $2,800 $400

Scores at the end of the Jeopardy! Round:

Lyle Dale Emily
$9,200 $4,000 $2,400

Double Jeopardy! Round responses

THE CIVIL WAR
SUPERHERO SECRET IDENTITY LAST NAMES
A REALLY LONG TIME AGO
WATCH THE BIRDIE
CLASSICAL MUSIC
BEGINS & ENDS IN "E"
    $400 10
New Orleans

Lyle
    $400 7
(Alex: Spider-Man.)

Parker

Emily
    $400 4
gods

Lyle
    $400 17
a hummingbird

Lyle
    $400 24
(Giacomo) Puccini

Lyle
    $400 1
elope

Lyle
    $800 11
the Appalachians

Lyle
    $800 8
(Alex: Bruce Banner, the Hulk.)

Banner

Lyle
    $800 5
(Dale: What is the camel?)

the sheep

LyleDale
    $800 18
vultures

Emily
    $800 25
(Felix) Mendelssohn

Lyle
    $800 2
Eugene

Emily
    $5,000 12
(Lyle: What is the Plymouth?)

Springfield

Lyle
    $1200 9
(Alex: Bruce Wayne, Batman.)

Wayne

Lyle
    $1200 6
Cro-Magnon man

Triple Stumper
    $1200 19
penguin

Triple Stumper
    $1200 26
E.T.A. Hoffmann

Triple Stumper
    $1200 3
emancipate

Lyle
    $1600 15
(Lyle: What is Appomattox?)

Hampton Roads

Lyle
Triple Stumper
    $1600 13
(Alex: Clark Kent, Superman.)

Kent

Dale
    $1,500 28
(Lyle: What is a mammoth?)

rhinoceros

Lyle
    $1600 20
doves

Triple Stumper
    $1600 27
(Emily: What is The Doll House?)
(Dale: What is A Doll's House?)

Peer Gynt

DaleEmily
Triple Stumper
    $1600 21
an épée

Lyle
    $2000 16
Alexander Stephens

Triple Stumper
    $2000 14
(Alex: Lamont Cranston, the Shadow.)

Cranston

Triple Stumper
    $2000 29
Sumeria

Dale
    $2000 23
Archaeopteryx

Triple Stumper
    $2000 30
a capriccio

Triple Stumper
    $2000 22
an emirate

Emily

Scores at the end of the Double Jeopardy! Round:

Lyle Dale Emily
$10,300 $5,200 $4,800

[wagering suggestions for these scores]

Final Jeopardy! Round responses

DANTE'S INFERNO
(Alex: Have you read Dante's Inferno lately? Well, then if you did, you'll have no trouble with this clue.)
EmilyWho is Judas?
$800
DaleWho is Judas?
$5,150
LyleWho is David?
$700
Judas

Final scores:

Lyle Dale Emily
$9,600 $10,350 $5,600
2nd place: $2,000 New champion: $10,350 3rd place: $1,000

Game dynamics:

Coryat scores:

Lyle Dale Emily
$16,800 $4,800 $4,800
26 R,
3 W
(including 2 DDs)
9 R
(including 1 DD),
3 W
11 R,
2 W

Combined Coryat: $26,400

[game clues] [game scores] [suggest correction]

Game tape date: 2004-09-14
The J! Archive is created by fans, for fans. Scraping, republication, monetization, and malicious use prohibited; this site may use cookies and collect identifying information. See terms. The Jeopardy! game show and all elements thereof, including but not limited to copyright and trademark thereto, are the property of Jeopardy Productions, Inc. and are protected under law. This website is not affiliated with, sponsored by, or operated by Jeopardy Productions, Inc. Join the discussion at JBoard.tv.